The forest certification handbook (Record no. 104130)

MARC details
000 -LEADER
fixed length control field 01413cam a2200253 4500
001 - CONTROL NUMBER
control field L129215
008 - FIXED-LENGTH DATA ELEMENTS--GENERAL INFORMATION
fixed length control field 050401n2005 000 0 eng u
020 ## - INTERNATIONAL STANDARD BOOK NUMBER
International Standard Book Number 1844071235
035 ## - SYSTEM CONTROL NUMBER
System control number (Sirsi) u129215
041 ## - LANGUAGE CODE
Language code of text/sound track or separate title eng
050 ## - LIBRARY OF CONGRESS CALL NUMBER
Classification number 634.9
-- 18
100 ## - MAIN ENTRY--PERSONAL NAME
Personal name Nussbaum, Ruth
245 #4 - TITLE STATEMENT
Title The forest certification handbook
250 ## - EDITION STATEMENT
Edition statement 2nd ed.
260 ## - PUBLICATION, DISTRIBUTION, ETC.
Place of publication, distribution, etc. London
Name of publisher, distributor, etc. Earthscan
Date of publication, distribution, etc. 2005
300 ## - PHYSICAL DESCRIPTION
Extent xiv, 300p.
Dimensions 25cm.
350 ## - PRICE (NR) (BK AM CF MU VM SE) [OBSOLETE]
Price 39.95
490 ## - SERIES STATEMENT
Series statement The Earthscan Forestry Library
520 ## - SUMMARY, ETC.
Summary, etc. Concerns all aspects of forest and wood product certification from policy to business and field technical issues. The second, updated edition of this standard work first published in 1995' offers comprehensive information on developing, selecting and operating a forest certification programme that provides both market security and raises forest management standards. Covers: how to get your forest certified; how forest certification schemes work; forest certification in practice; and existing forest certification schemes. The final part of the book examines forest certification in context: policy progress and remaining issues. Appendices contain an overview of existing schemes and further sources of information. Glossary and references.
590 ## - LOCAL NOTE (RLIN)
Local note IKA070605
690 ## - LOCAL SUBJECT ADDED ENTRY--TOPICAL TERM (OCLC, RLIN)
Topical term or geographic name as entry element ENVIRONMENTAL AND LAND CONSULTANCY-FORESTRY AND WOODLAND MANAGEMENT-FORESTRY
700 ## - ADDED ENTRY--PERSONAL NAME
Personal name Simula, Markku
942 ## - ADDED ENTRY ELEMENTS (KOHA)
Suppress in OPAC 0
Holdings
Withdrawn status Lost status Source of classification or shelving scheme Damaged status Not for loan Home library Current library Shelving location Date acquired Cost, normal purchase price Total Checkouts Full call number Barcode Date last seen Copy number Cost, replacement price Price effective from Koha item type
    Dewey Decimal Classification     London London Books 04/05/2005 39.95   634.9 NUS 30069874 06/08/2019 1 39.95 06/08/2019 Book